Loading...
| Beliefs | 1 | 5 | 3 | 1 | 50 | 81 | 110.17 | 2 | 3 | 0.00 | 0.00 |
| Literature - World | 2 | 0 | 0 | 0 | 30 | 69 | 74.00 | 0 | 1 | 0.00 | 0.00 |
| Fine Arts - Other Arts | 2 | 0 | 0 | 0 | 30 | 48 | 56.50 | 0 | 2 | 0.00 | 0.00 |
| Visual Arts | 0 | 2 | 0 | 0 | 20 | 120 | 124.50 | 0 | 0 | 0.00 | 0.00 |
| Fine Arts - Classical Music and Opera | 0 | 2 | 0 | 0 | 20 | 106 | 121.50 | 0 | 0 | 0.00 | 0.00 |
| Literature - British | 0 | 1 | 0 | 1 | 10 | 136 | 136.00 | 0 | 0 | 0.00 | 0.00 |
| Literature - American | 0 | 1 | 0 | 1 | 10 | 143 | 143.00 | 0 | 0 | 0.00 | 0.00 |
| Science - Physics | 0 | 1 | 0 | 1 | 10 | 138 | 138.00 | 0 | 0 | 0.00 | 0.00 |
| History - American | 0 | 1 | 0 | 0 | 10 | 74 | 74.00 | 0 | 1 | 0.00 | 0.00 |
| Science - Biology | 0 | 0 | 1 | 0 | -5 | 0.00 | 0 | 0 | 0.00 | 0.00 |